000 00433nam a2200193Ia 4500
008 210210b1925 xxu||||| |||| 00| 0 eng d
041 _aeng
082 _a829/300
100 _aDICKENS (C)
245 _aPickwick papers Vol 1
260 _aLondon
_bOxford University Press
_c1925
440 _a1
650 _aVol
650 _aPickwick
650 _apapers
650 _a1
690 _aEnglish Fiction
906 _a016905
999 _c136819
_d136819